| 000 | 01143nam a22002657a 4500 | ||
|---|---|---|---|
| 001 | 7170 | ||
| 003 | FISKH | ||
| 005 | 20250701093559.0 | ||
| 008 | 250701b cb ||||| |||| 00| 0 eng d | ||
| 020 | _a9780395625699 | ||
| 040 |
_aFISKH _beng _cFISKH _dFISKH |
||
| 050 | _aPZ7.M879 I | ||
| 082 | _a529 | ||
| 100 | _aMueller, Virginia | ||
| 245 |
_aIn the morning / _cby Virginia Mueller ; illustrated by Diane Jaquith |
||
| 260 |
_aBoston : _bHoughton Fifflin Comany, _c1991. |
||
| 300 |
_a16 pages : _bcolor illustrations ; _c28 cm |
||
| 505 | _aC | ||
| 520 | _aIn the Morning is a gentle, poetic picture book that captures the quiet moments of a child's morning routine. Through rhythmic text and soft illustrations, the book explores the calm and comforting aspects of waking up, getting ready for the day, and the simple joys found in morning activities. It's designed to be a soothing read for young children, making it ideal for bedtime or morning storytime. | ||
| 521 | 8 |
_a70
_bLexile estimate |
|
| 521 | 8 |
_aC
_bRaz-Plus |
|
| 650 |
_aAnimals _vFarm animals _xPicture book |
||
| 942 |
_2ddc _cBK _n0 |
||
| 999 |
_c7170 _d7170 |
||